Giải pháp thúc đẩy các doanh nghiệp du lịch trên địa bàn thành phố Cần Thơ tham gia bảo tồn và phát triển chợ nổi Cái Răng : Luận văn Thạc sĩ Kinh tế. Chuyên ngành Quản trị kinh doanh

Phân tích thực trạng hoạt động tham quan, khai thác, bảo tồn và phát triển chợ nổi Cái Răng của du khách và doanh nghiệp du lịch trên địa bàn thành phố Cần Thơ.

Gardado en:
Detalles Bibliográficos
Autor Principal: Phạm, Trung Hiếu
Formato: Libro
Idioma:Undetermined
Publicado: Cần Thơ Trường Đại học Cần Thơ 2017
Những chủ đề:
Các nhãn: Engadir etiqueta
Sen Etiquetas, Sexa o primeiro en etiquetar este rexistro!
Thư viện lưu trữ: Trung tâm Học liệu Trường Đại học Cần Thơ
LEADER 01166nam a2200217Ia 4500
001 CTU_224289
008 210402s9999 xx 000 0 und d
082 |a 338.4791 
082 |b H309 
088 |a 60340102 
100 |a Phạm, Trung Hiếu 
245 0 |a Giải pháp thúc đẩy các doanh nghiệp du lịch trên địa bàn thành phố Cần Thơ tham gia bảo tồn và phát triển chợ nổi Cái Răng : 
245 0 |b Luận văn Thạc sĩ Kinh tế. Chuyên ngành Quản trị kinh doanh 
245 0 |c Phạm Trung Hiếu ; Lưu Tiến Thuận (Cán bộ hướng dẫn) 
260 |a Cần Thơ 
260 |b Trường Đại học Cần Thơ 
260 |c 2017 
520 |a Phân tích thực trạng hoạt động tham quan, khai thác, bảo tồn và phát triển chợ nổi Cái Răng của du khách và doanh nghiệp du lịch trên địa bàn thành phố Cần Thơ. 
650 |a Du lịch,Tourism 
650 |x Công nghiệp và thương mại,Industry and trade 
980 |a Trung tâm Học liệu Trường Đại học Cần Thơ